000 00490nam a2200181Ia 4500
005 20250326123828.0
008 250326s9999 xx 000 0 und d
037 _aTextbook
040 _aFMSL
_beng
_cFMSL
041 _aeng
_2eng
084 _aS:86 L3
_qFMSL
100 _aGoldenberg H
_9736206
245 0 _aContemporary clinical psychology
_cGoldenberg H
260 _aUSA
_bUSA, Brooks/Cole
_c1973
300 _a452p
942 _cTB
_hS:86 L3
999 _c1271113
_d1271113